[Event "NW Regional Scholastic Championships"]
[Site "Chess.com"]
[Date "2020.05.16"]
[Round "?"]
[White "wirynewpool"]
[Black "Lenamine"]
[Result "0-1"]
[WhiteElo "847"]
[BlackElo "1414"]
[PlyCount "48"]
[EventDate "2020.??.??"]

1. e4 e5 2. Bc4 Nc6 3. Nf3 Bc5 4. d3 Nf6 5. Ng5 O-O 6. O-O d6 7. Nxf7 Rxf7 8.
Bxf7+ Kxf7 9. c4 h6 10. a3 Qg8 11. b4 Bd4 12. Ra2 Qh7 13. b5 Ne7 14. Bb2 Bxb2
15. Rxb2 Qg6 16. c5 dxc5 17. Qb3+ Kf8 18. g3 Bh3 19. Rc1 Qh5 20. d4 exd4 21.
Rxc5 b6 22. Rxc7 Rd8 23. Rxa7 d3 24. Rd2 Qf3 0-1

[Event "NW Regional Scholastic Championships"]
[Site "Chess.com"]
[Date "2020.05.16"]
[Round "?"]
[White "WilliamVH5"]
[Black "Yangguai"]
[Result "1-0"]
[WhiteElo "1200"]
[BlackElo "1000"]
[PlyCount "53"]
[EventDate "2020.??.??"]

1. d4 Nf6 2. Bf4 Nc6 3. e3 e6 4. Nf3 Be7 5. Nbd2 O-O 6. c3 d5 7. Bd3 Bd7 8. O-O
Nh5 9. Qb3 Nxf4 10. exf4 b6 11. Rfe1 Bf6 12. Qc2 Qe7 13. Bxh7+ Kh8 14. h4 g6
15. Bxg6 fxg6 16. Qxg6 Qe8 17. Qh6+ Kg8 18. Ng5 Qe7 19. f5 Bxg5 20. hxg5 Qh7
21. Qxh7+ Kxh7 22. fxe6 Be8 23. Nf3 Rd8 24. Ne5 Nxe5 25. e7 Bh5 26. exf8=Q Rxf8
27. Rxe5 1-0

[Event "NW Regional Scholastic Championships"]
[Site "Chess.com"]
[Date "2020.05.16"]
[Round "?"]
[White "Lenamine"]
[Black "WilliamVH5"]
[Result "1-0"]
[WhiteElo "1414"]
[BlackElo "1200"]
[PlyCount "63"]
[EventDate "2020.??.??"]

1. e4 e6 2. Nc3 d5 3. Bb5+ Nd7 4. Be2 d4 5. Nb5 Ndf6 6. d3 Qd6 7. Nxd6+ Bxd6 8.
Nf3 Ne7 9. O-O e5 10. b3 O-O 11. Bb2 Be6 12. Ng5 Bd7 13. Bh5 h6 14. Bf3 hxg5
15. Qd2 g4 16. Be2 Nc6 17. f3 Bb4 18. Qc1 gxf3 19. Rxf3 Bg4 20. Rf2 Be6 21. Rf3
Bg4 22. Rf2 Bd6 23. Bxg4 Nxg4 24. Rf3 Nb4 25. Rg3 Ne3 26. Qe1 Nexc2 27. Qf2
Nxa1 28. Bxa1 g6 29. Qf6 Nc2 30. Bb2 Rfe8 31. Rh3 Re6 32. Rh8# 1-0

[Event "NW Regional Scholastic Championships"]
[Site "Chess.com"]
[Date "2020.05.16"]
[Round "?"]
[White "EthanM08"]
[Black "Lenamine"]
[Result "0-1"]
[WhiteElo "1066"]
[BlackElo "1414"]
[PlyCount "48"]
[EventDate "2020.??.??"]

1. e4 e5 2. Bc4 Nf6 3. Nc3 Bc5 4. Nf3 Nc6 5. O-O d6 6. d3 Bg4 7. Bg5 O-O 8. Qe1
Bxf3 9. gxf3 Nd4 10. Nd5 Nxf3+ 11. Kh1 Nxe1 12. Raxe1 h6 13. Nxf6+ gxf6 14.
Bxh6 Re8 15. Rg1+ Kh8 16. Rg7 Qd7 17. Bxf7 Rf8 18. Bg6 Qh3 19. Rh7+ Kg8 20. Rg1
Qf3+ 21. Rg2 Bxf2 22. Bf7+ Kxh7 23. Bxf8 Qd1+ 24. Rg1 Qxg1# 0-1

[Event "NW Regional Scholastic Championships"]
[Site "Chess.com"]
[Date "2020.05.16"]
[Round "?"]
[White "EthanM08"]
[Black "Meekoeng"]
[Result "1-0"]
[WhiteElo "1066"]
[BlackElo "1000"]
[PlyCount "33"]
[EventDate "2020.??.??"]

1. e4 e5 2. Bc4 Bb4 3. Nf3 Nc6 4. c3 Nf6 5. cxb4 Nxe4 6. b5 Ne7 7. O-O O-O 8.
Qc2 Qe8 9. Qxe4 d6 10. Qh4 h6 11. d3 Ng6 12. Qg3 Be6 13. Bxe6 fxe6 14. Nbd2 Ne7
15. Nc4 e4 16. Bxh6 exf3 17. Qxg7# 1-0

[Event "NW Regional Scholastic Championships"]
[Site "Chess.com"]
[Date "2020.05.16"]
[Round "?"]
[White "Ariish"]
[Black "Meekoeng"]
[Result "1-0"]
[WhiteElo "1000"]
[BlackElo "1000"]
[PlyCount "89"]
[EventDate "2020.??.??"]

1. d4 d5 2. c4 dxc4 3. e4 e6 4. Nf3 Nc6 5. Nc3 e5 6. Bg5 Be7 7. Bxe7 Ngxe7 8.
Ng5 Ng6 9. Bxc4 Nxd4 10. Nxf7 O-O 11. Nxd8+ Rf7 12. f3 Nf4 13. g3 Ng2+ 14. Kf2
Nf4 15. Bxf7+ Kf8 16. Qa4 Ke7 17. Qb4+ Kxd8 18. Bd5 Kd7 19. Bxb7 Bxb7 20. Qxb7
Rc8 21. Qb5+ Kd8 22. Qd5+ Ke7 23. Qb3 Nd3+ 24. Ke3 Nc5 25. Qc4 Nde6 26. Qxc5+
Nxc5 27. f4 exf4+ 28. gxf4 c6 29. f5 Rd8 30. Kf4 Rf8 31. Kg5 Nxe4+ 32. Kf4 Nf6
33. Kg5 Rd8 34. Rhe1+ Kf7 35. b4 Rd5 36. Nxd5 cxd5 37. Red1 g6 38. fxg6+ hxg6
39. Kf4 Nh5+ 40. Ke5 d4 41. Rxd4 g5 42. Rd7+ Ke8 43. Rxa7 Kd8 44. Ke6 Ke8 45.
Ra8# 1-0

[Event "NW Regional Scholastic Championships"]
[Site "Chess.com"]
[Date "2020.05.16"]
[Round "?"]
[White "Yangguai"]
[Black "kyrenM"]
[Result "1-0"]
[WhiteElo "1000"]
[BlackElo "1012"]
[PlyCount "55"]
[EventDate "2020.??.??"]

1. e4 e5 2. Nf3 Nc6 3. d4 Nf6 4. dxe5 Ng4 5. Bc4 Bc5 6. O-O Nxf2 7. Rxf2 Bxf2+
8. Kxf2 Na5 9. Bd3 O-O 10. Qd2 Nc6 11. Bb5 a6 12. Bxc6 bxc6 13. Qc3 d6 14. Bg5
Qe8 15. exd6 cxd6 16. Qd2 f6 17. Be3 Qxe4 18. Nc3 Qe8 19. Re1 Bg4 20. Bh6 gxh6
21. Rxe8 Rfxe8 22. Qxh6 Bxf3 23. gxf3 d5 24. Ne2 c5 25. Nf4 d4 26. Nh5 Kf7 27.
Qxf6+ Kg8 28. Qg7# 1-0

[Event "NW Regional Scholastic Championships"]
[Site "Chess.com"]
[Date "2020.05.16"]
[Round "?"]
[White "WilliamVH5"]
[Black "kyrenM"]
[Result "1-0"]
[WhiteElo "1200"]
[BlackElo "1012"]
[PlyCount "79"]
[EventDate "2020.??.??"]

1. d4 d5 2. Bf4 Nf6 3. e3 Nc6 4. Nf3 Bf5 5. Bd3 Bxd3 6. Qxd3 Nb4 7. Qc3 Na6 8.
O-O Ne4 9. Qd3 e6 10. Qb5+ c6 11. Qxb7 Rb8 12. Bxb8 Qxb8 13. Qxa6 Qxb2 14.
Qxc6+ Ke7 15. Nbd2 Nxd2 16. Nxd2 Qb4 17. Rfd1 Qb6 18. Qxb6 axb6 19. Rab1 Kd8
20. Rb2 Kc7 21. a4 Ba3 22. Rb3 Ra8 23. Rxa3 b5 24. Rb1 bxa4 25. Rb4 Ra5 26.
Rbxa4 Rb5 27. h3 Rb1+ 28. Nxb1 Kb6 29. e4 dxe4 30. Rc4 Kb5 31. Rc8 Kb4 32. Raa8
Kb5 33. Rcb8+ Kc4 34. Rd8 Kb4 35. Rd7 Kc4 36. Rc8+ Kb5 37. Rb7+ Ka6 38. Rb2 Ka7
39. Rc3 Ka6 40. Ra3# 1-0

[Event "NW Regional Scholastic Championships"]
[Site "Chess.com"]
[Date "2020.05.16"]
[Round "?"]
[White "devinTG"]
[Black "wirynewpool"]
[Result "0-1"]
[WhiteElo "763"]
[BlackElo "847"]
[PlyCount "40"]
[EventDate "2020.??.??"]

1. e4 e5 2. Nf3 Nc6 3. Bb5 Nd4 4. Bc4 Nxf3+ 5. gxf3 Bc5 6. O-O Qh4 7. c3 c6 8.
d4 exd4 9. cxd4 Bd6 10. e5 Be7 11. Nd2 Bg5 12. Ne4 Bf4 13. Nd6+ Ke7 14. Nxc8+
Rxc8 15. Bxf4 Qxf4 16. Rc1 h5 17. Be2 Rh6 18. Rc4 Rg6+ 19. Kh1 Qg5 20. f4 Qg2#
0-1

[Event "NW Regional Scholastic Championships"]
[Site "Chess.com"]
[Date "2020.05.16"]
[Round "?"]
[White "CarlyH123"]
[Black "Yangguai"]
[Result "0-1"]
[WhiteElo "800"]
[BlackElo "1000"]
[PlyCount "88"]
[EventDate "2020.??.??"]

1. e4 e5 2. Bc4 Nc6 3. Qf3 Nf6 4. g4 Bc5 5. g5 O-O 6. gxf6 gxf6 7. Nh3 Nd4 8.
Qd3 d6 9. c3 Nc6 10. Bd5 Bxh3 11. Qc4 Bg2 12. Rg1 Na5 13. Rxg2+ Kh8 14. Qa4 b6
15. Qb5 a6 16. Qa4 b5 17. Qxa5 Bb6 18. Qb4 Bc5 19. Qb3 a5 20. Qxb5 Qe7 21. Qe2
Rab8 22. a4 Rg8 23. Na3 Rxg2 24. Nc4 Rg1+ 25. Qf1 Rxf1+ 26. Kxf1 Rc8 27. Nxa5
c6 28. Nb3 cxd5 29. d4 exd4 30. Bf4 dxc3 31. bxc3 Qxe4 32. Bg3 Qc4+ 33. Kg2
Qxb3 34. Rg1 d4 35. cxd4 Bxd4 36. a5 Qd5+ 37. f3 Bxg1 38. Kxg1 Qxa5 39. Kg2
Rc2+ 40. Kh3 Qh5+ 41. Bh4 Rc3 42. Kg2 Qxf3+ 43. Kg1 Rc1+ 44. Be1 Rxe1# 0-1

[Event "NW Regional Scholastic Championships"]
[Site "Chess.com"]
[Date "2020.05.16"]
[Round "?"]
[White "CarlyH123"]
[Black "wirynewpool"]
[Result "1/2-1/2"]
[WhiteElo "800"]
[BlackElo "847"]
[PlyCount "94"]
[EventDate "2020.??.??"]

1. e4 e5 2. Bc4 Bc5 3. Qf3 Qf6 4. Ne2 Qxf3 5. gxf3 g6 6. Nf4 exf4 7. c3 a6 8.
d4 Be7 9. Bd5 b5 10. b3 b4 11. cxb4 Nc6 12. Bxf4 Nxb4 13. Bxa8 Nc2+ 14. Kd1
Nxa1 15. Bd2 Bh4 16. Bc3 Bxf2 17. d5 f6 18. Bxa1 c6 19. Nd2 cxd5 20. exd5 Be3
21. Bc3 Bxd2 22. Bxd2 Ne7 23. Bc3 O-O 24. Re1 Nf5 25. b4 a5 26. bxa5 Ba6 27.
Bb4 Rxa8 28. Bc5 Rc8 29. Bb4 Bd3 30. Kd2 Bc4 31. Kc3 Bxa2+ 32. Kb2 Bxd5 33. a6
Bxf3 34. a7 Kf7 35. Rf1 Bg2 36. Rf2 Ne3 37. Re2 Rc4 38. a8=Q Bxa8 39. Rxe3
Rxb4+ 40. Rb3 Rxb3+ 41. Kxb3 Ke6 42. Kc3 Kf5 43. Kd3 Kg4 44. Ke3 Kh3 45. Kf4
Kxh2 46. Kg4 h5+ 47. Kh4 d5 1/2-1/2

[Event "NW Regional Scholastic Championships"]
[Site "Chess.com"]
[Date "2020.05.16"]
[Round "?"]
[White "Ariish"]
[Black "CarlyH123"]
[Result "0-1"]
[WhiteElo "1000"]
[BlackElo "800"]
[PlyCount "90"]
[EventDate "2020.??.??"]

1. e4 e5 2. f4 Bb4 3. c3 Bf8 4. b4 exf4 5. g3 d6 6. gxf4 c6 7. Nf3 d5 8. Bd3
dxe4 9. Bxe4 g6 10. Ng5 Nf6 11. Bg2 h6 12. h4 hxg5 13. fxg5 Ng4 14. Bf3 Ne5 15.
Qe2 Be7 16. O-O Ned7 17. d4 Rxh4 18. Qe1 Rh8 19. Qe4 Na6 20. b5 Nab8 21. Bf4 a6
22. Bxb8 Rxb8 23. Rc1 axb5 24. c4 b4 25. Nd2 f5 26. Rab1 fxe4 27. Rxb4 exf3 28.
Nxf3 Rf8 29. Rb3 Bd6 30. c5 Bf4 31. Nh4 Bxc1 32. Nxg6 Rg8 33. Rc3 Bxg5 34. Rg3
Be7 35. Re3 Rxg6+ 36. Kf2 Ra8 37. Rh3 Rxa2+ 38. Kf3 Ra4 39. Rh8+ Nf8 40. Kf4
Rxd4+ 41. Ke3 Rgg4 42. Kf3 Qd5+ 43. Kf2 Rd3 44. Ke2 Rg2+ 45. Ke1 Rd1# 0-1

[Event "NW Regional Scholastic Championships"]
[Site "Chess.com"]
[Date "2020.05.16"]
[Round "?"]
[White "wirynewpool"]
[Black "veer2204"]
[Result "1-0"]
[WhiteElo "847"]
[BlackElo "1000"]
[PlyCount "101"]
[EventDate "2020.??.??"]

1. e4 d5 2. exd5 Qxd5 3. Nc3 Qd7 4. Bb5 c6 5. Bc4 Nf6 6. Qf3 e6 7. g4 Bb4 8. g5
b5 9. gxf6 gxf6 10. Qxf6 Rg8 11. Bd3 Qe7 12. Qxe7+ Kxe7 13. Bxh7 Rg7 14. Be4
Bb7 15. a3 Bd6 16. Nxb5 cxb5 17. Bxb7 Rg2 18. Bxg2 Nc6 19. Bxc6 Rc8 20. Bxb5
Rxc2 21. Bd3 Rc6 22. Be4 Rc4 23. d3 Rd4 24. Be3 Rb4 25. axb4 Bxb4+ 26. Bd2 Bc5
27. b4 Bd4 28. Rc1 e5 29. Rc7+ Kf6 30. Be3 Bb2 31. Bxa7 Ke6 32. b5 f5 33. b6
fxe4 34. b7 exd3 35. b8=Q Kd6 36. Rb7+ Kd5 37. Qg8+ Ke4 38. Rb4+ Kf5 39. Qg4+
Kf6 40. f4 Bc3+ 41. Kf2 Bxb4 42. Qg5+ Ke6 43. Qxe5+ Kd7 44. f5 d2 45. Ke2 Bd6
46. Qe6+ Kc6 47. f6 Kb7 48. f7 Kxa7 49. Qxd6 Kb7 50. f8=Q Ka7 51. Qfb8# 1-0

[Event "NW Regional Scholastic Championships"]
[Site "Chess.com"]
[Date "2020.05.16"]
[Round "?"]
[White "veer2204"]
[Black "EthanM08"]
[Result "0-1"]
[WhiteElo "1000"]
[BlackElo "1066"]
[PlyCount "78"]
[EventDate "2020.??.??"]

1. e4 e5 2. Nf3 Nc6 3. Bc4 Bc5 4. O-O Nh6 5. d3 Ng4 6. Ng5 Bxf2+ 7. Rxf2 Nxf2
8. Kxf2 Qf6+ 9. Qf3 Qxf3+ 10. gxf3 O-O 11. Nc3 Nd4 12. b3 c6 13. Ba3 b5 14.
Bxf8 bxc4 15. Be7 Nxc2 16. Rb1 Na3 17. Rb2 cxd3 18. Rd2 Ba6 19. Bxa3 Rd8 20. b4
d5 21. exd5 cxd5 22. b5 d4 23. bxa6 dxc3 24. Be7 cxd2 25. Bxd8 d1=Q 26. Ne4 Qa4
27. Bg5 Qxa6 28. Nc5 Qxa2+ 29. Ke3 d2 30. Ne4 d1=Q 31. Nc3 Qdd2+ 32. Ke4 Qxc3
33. Kf5 g6+ 34. Kf6 Qxf3+ 35. Ke7 Qe6+ 36. Kd8 Qd3+ 37. Kc7 Qec4+ 38. Kb7 Qdb3+
39. Kxa7 Qca4# 0-1

[Event "NW Regional Scholastic Championships"]
[Site "Chess.com"]
[Date "2020.05.16"]
[Round "?"]
[White "veer2204"]
[Black "Yangguai"]
[Result "0-1"]
[WhiteElo "1000"]
[BlackElo "1000"]
[PlyCount "58"]
[EventDate "2020.??.??"]

1. e4 e5 2. Nf3 Nc6 3. Bc4 Nf6 4. Ng5 d5 5. exd5 Nd4 6. d6 Qxd6 7. Nxf7 Qc6 8.
d3 Bg4 9. f3 Rg8 10. Nxe5 Qc5 11. Bxg8 Qxe5+ 12. Be3 Qxe3+ 13. Kf1 Nxf3 14. Nd2
Nxh2+ 15. Rxh2 Bxd1 16. Rxd1 Qf4+ 17. Kg1 Qg4 18. Re1+ Kd8 19. Be6 Qf4 20. Nf3
Bc5+ 21. Kf1 g6 22. d4 Bxd4 23. Rd1 c5 24. c3 Nd5 25. Bxd5 Be3 26. Bxb7+ Kc7
27. Bxa8 g5 28. Rxh7+ Kb6 29. Rb7+ Ka6 0-1

[Event "NW Regional Scholastic Championships"]
[Site "Chess.com"]
[Date "2020.05.16"]
[Round "?"]
[White "HunterR_StAnne"]
[Black "Lenamine"]
[Result "0-1"]
[WhiteElo "1000"]
[BlackElo "1414"]
[PlyCount "56"]
[EventDate "2020.??.??"]

1. Nc3 Nf6 2. e3 e5 3. e4 Bc5 4. Nb5 d6 5. Nc3 Ng4 6. d3 Nxf2 7. Qf3 Nxh1 8.
Bd2 Nf2 9. Qxf2 Bxf2+ 10. Kxf2 Qf6+ 11. Ke1 Qh4+ 12. Kd1 Qxh2 13. Nge2 O-O 14.
Nd5 Na6 15. Ne3 c6 16. Ng4 Qh4 17. Nh2 Qxh2 18. Bc3 Bg4 19. Kd2 Nc5 20. a3 Qh6+
21. Ke1 Qh4+ 22. Kd2 Qg5+ 23. Kd1 Qf4 24. g3 Qxf1+ 25. Kd2 Qxa1 26. Nc1 Qb1 27.
Ke3 Qxc1+ 28. Bd2 Qg1# 0-1

[Event "NW Regional Scholastic Championships"]
[Site "Chess.com"]
[Date "2020.05.16"]
[Round "?"]
[White "WilliamVH5"]
[Black "Thunderblight"]
[Result "1-0"]
[WhiteElo "1200"]
[BlackElo "704"]
[PlyCount "75"]
[EventDate "2020.??.??"]

1. d4 d5 2. Bf4 c6 3. e3 Qa5+ 4. Nd2 h6 5. c3 g5 6. Bg3 Nf6 7. Bd3 Bg4 8. Ngf3
Nbd7 9. Qb3 e5 10. Qxb7 Rb8 11. Qxc6 Rb6 12. Qc8+ Ke7 13. c4 Rb8 14. Qc6 Rb6
15. Qc8 Rb8 16. Qc6 Nb6 17. cxd5 Nbxd5 18. Qc2 Nb4 19. Qb3 Bg7 20. Be2 Nc6 21.
Qc2 Nd5 22. Qxc6 Rxb2 23. Qc1 Rhb8 24. O-O Rxd2 25. Nxd2 Qc3 26. Bxg4 Nf6 27.
Qxc3 Nxg4 28. Qc6 Nf6 29. Qc7+ Ke8 30. Qxb8+ Kd7 31. Qxa7+ Kc8 32. Qxf7 Nh5 33.
Qxh5 Bf8 34. Qf7 Bb4 35. Rfc1+ Kb8 36. Rab1 g4 37. Rxb4+ Ka8 38. Rc8# 1-0

[Event "NW Regional Scholastic Championships"]
[Site "Chess.com"]
[Date "2020.05.16"]
[Round "?"]
[White "Thunderblight"]
[Black "Ariish"]
[Result "1-0"]
[WhiteElo "704"]
[BlackElo "1000"]
[PlyCount "55"]
[EventDate "2020.??.??"]

1. e4 e5 2. d3 d6 3. f3 f6 4. Nh3 Nc6 5. f4 exf4 6. Nxf4 g5 7. Ne6 Bxe6 8. Be2
a5 9. Bh5+ Ke7 10. O-O b6 11. Be3 Ne5 12. d4 Ng4 13. Rf3 Nxe3 14. Rxe3 c5 15.
dxc5 bxc5 16. Rb3 a4 17. Rb7+ Qc7 18. Rxc7+ Kd8 19. Bg6 Kxc7 20. Bh5 Ra5 21.
Nc3 a3 22. bxa3 Rxa3 23. Qe1 h6 24. Nd1 Ra5 25. Qxa5+ Kd7 26. Qa7+ Kc6 27. Rb1
Bxa2 28. Rb6# 1-0

[Event "NW Regional Scholastic Championships"]
[Site "Chess.com"]
[Date "2020.05.16"]
[Round "?"]
[White "Thunderblight"]
[Black "kyrenM"]
[Result "0-1"]
[WhiteElo "704"]
[BlackElo "1012"]
[PlyCount "114"]
[EventDate "2020.??.??"]

1. e4 e5 2. d3 Nc6 3. f3 Nf6 4. Ne2 Bc5 5. Nbc3 Bb4 6. a3 Bxc3+ 7. bxc3 d6 8.
d4 exd4 9. cxd4 O-O 10. d5 Na5 11. Bg5 h6 12. Bf4 Nh5 13. Bd2 Qh4+ 14. g3 Nxg3
15. hxg3 Qxh1 16. Bxa5 Qxf3 17. Nc3 Qxd1+ 18. Nxd1 b6 19. Bc3 Bg4 20. Be2 Bxe2
21. Kxe2 c6 22. Ne3 cxd5 23. exd5 Rac8 24. Nf5 Rxc3 25. Ne7+ Kh8 26. Rc1 Re8
27. Rh1 Rxe7+ 28. Kd2 Rxa3 29. Rh5 Rxg3 30. Rf5 Rg2+ 31. Kc3 Re3+ 32. Kc4 Rg4+
33. Kb5 Rd4 34. Rxf7 Rb3+ 35. Kc6 Rc4+ 36. Kd7 Rcc3 37. Kxd6 Kg8 38. Ke7 Rc7+
39. Ke8 Rxf7 40. Kd8 Rb2 41. c3 Rf5 42. d6 Rd2 43. d7 Rf7 44. Kc8 Rdxd7 45. c4
Rc7+ 46. Kd8 Rc6 47. Ke8 Rff6 48. c5 Rxc5 49. Kd7 g5 50. Ke7 Rf4 51. Ke6 Rd4
52. Kf6 Rd6+ 53. Ke7 Rg6 54. Kd7 Rf5 55. Kc7 Rf7+ 56. Kb8 Kh7 57. Ka8 Rg8# 0-1

[Event "NW Regional Scholastic Championships"]
[Site "Chess.com"]
[Date "2020.05.16"]
[Round "?"]
[White "devinTG"]
[Black "Thunderblight"]
[Result "1-0"]
[WhiteElo "763"]
[BlackElo "704"]
[PlyCount "51"]
[EventDate "2020.??.??"]

1. e4 e5 2. Nf3 d6 3. Bb5+ c6 4. Bc4 b5 5. Bd3 c5 6. O-O c4 7. Be2 h5 8. d3 f6
9. dxc4 bxc4 10. Bxc4 g5 11. Bb5+ Nd7 12. Nc3 g4 13. Nd2 h4 14. Qxg4 Bh6 15.
Qxh4 Qb6 16. Qh5+ Kf8 17. a4 Qa5 18. Nc4 Qb4 19. b3 Ne7 20. Bxh6+ Kg8 21. Nd5
Nxd5 22. exd5 Bb7 23. Bxd7 Rd8 24. Be6+ Kh7 25. Bf5+ Kg8 26. Qg6# 1-0

[Event "NW Regional Scholastic Championships"]
[Site "Chess.com"]
[Date "2020.05.16"]
[Round "?"]
[White "sankalpm"]
[Black "EthanM08"]
[Result "1-0"]
[WhiteElo "964"]
[BlackElo "1066"]
[PlyCount "35"]
[EventDate "2020.??.??"]

1. e4 e5 2. Nf3 Nc6 3. Bb5 Bc5 4. Bxc6 bxc6 5. Nxe5 f6 6. Nd3 d6 7. Nxc5 dxc5
8. d3 Bd7 9. Nc3 Qc8 10. Qh5+ g6 11. Qxc5 Ne7 12. Bh6 Rg8 13. O-O g5 14. Kh1 a5
15. Rfe1 Rg6 16. e5 Rxh6 17. exf6 Rxf6 18. Qxe7# 1-0

[Event "NW Regional Scholastic Championships"]
[Site "Chess.com"]
[Date "2020.05.16"]
[Round "?"]
[White "Lenamine"]
[Black "sankalpm"]
[Result "1-0"]
[WhiteElo "1414"]
[BlackElo "964"]
[PlyCount "112"]
[EventDate "2020.??.??"]

1. e4 e5 2. Nf3 Nc6 3. Bc4 Bb4 4. O-O Bc5 5. d3 Nf6 6. Ng5 O-O 7. Qf3 h6 8. Nh3
d6 9. Kh1 Bxh3 10. Qxh3 Qd7 11. Qg3 Nh5 12. Qf3 g6 13. Qe2 Nd4 14. Qd2 g5 15.
Qe3 Nxc2 16. Qd2 Nxa1 17. Qe2 Nf6 18. Qf3 Qe7 19. Qg3 Nh5 20. Qf3 Nf6 21. Qf5
Nc2 22. Qf3 Nd4 23. Qd1 Rfe8 24. Be3 Bb4 25. a3 Bc5 26. b4 Bb6 27. a4 c6 28. a5
Bd8 29. Bxd4 exd4 30. Qb3 Kh8 31. Qd1 Qe5 32. g3 b5 33. Bxf7 Rf8 34. Bg6 Kg7
35. Bf5 Qe8 36. Nd2 Qh5 37. Qb3 Qe2 38. Qb2 c5 39. bxc5 dxc5 40. Qc1 c4 41.
dxc4 bxc4 42. Nxc4 Rc8 43. Bxc8 Qf3+ 44. Kg1 Ng4 45. Qd2 Qxe4 46. Qd1 Qc6 47.
Qxg4 Qxc4 48. Re1 Bxa5 49. Rd1 Rxc8 50. Qd7+ Kg6 51. g4 Qc2 52. Ra1 Rc7 53.
Qe6+ Kh7 54. Qa6 Bc3 55. Rf1 Qe4 56. f3 Qe2 1-0

[Event "NW Regional Scholastic Championships"]
[Site "Chess.com"]
[Date "2020.05.16"]
[Round "?"]
[White "sankalpm"]
[Black "devinTG"]
[Result "1-0"]
[WhiteElo "964"]
[BlackElo "763"]
[PlyCount "63"]
[EventDate "2020.??.??"]

1. e4 e5 2. Nf3 Nc6 3. Bb5 a6 4. Bxc6 dxc6 5. Nxe5 Qd4 6. Ng4 Qxe4+ 7. Qe2
Qxe2+ 8. Kxe2 Bxg4+ 9. f3 Be6 10. d4 Bd6 11. Be3 Nf6 12. Nc3 O-O 13. Rhg1 Bc4+
14. Kd1 Bxh2 15. Rh1 Bd6 16. b3 Be6 17. g4 h6 18. g5 hxg5 19. Bxg5 Bd5 20. Ke2
c5 21. dxc5 Bxc5 22. Rh2 Rfe8+ 23. Kf1 Kf8 24. Bxf6 gxf6 25. Rh8+ Ke7 26. Rh5
Bxf3 27. Rxc5 b6 28. Rxc7+ Kd8 29. Rxf7 Be2+ 30. Nxe2 a5 31. Rd1+ Kc8 32. Nc3
1-0

[Event "NW Regional Scholastic Championships"]
[Site "Chess.com"]
[Date "2020.05.16"]
[Round "?"]
[White "Yangguai"]
[Black "sankalpm"]
[Result "0-1"]
[WhiteElo "1000"]
[BlackElo "964"]
[PlyCount "31"]
[EventDate "2020.??.??"]

1. e4 e5 2. Nf3 Nc6 3. d4 exd4 4. Nxd4 Nxd4 5. Qxd4 Nf6 6. e5 Nh5 7. Be2 g6 8.
Bd2 b6 9. Nc3 Bc5 10. Qd3 O-O 11. O-O-O Bb7 12. Bxh5 gxh5 13. Qg3+ Kh8 14. Bh6
Rg8 15. Qf3 Bxf3 16. gxf3 0-1

[Event "NW Regional Scholastic Championships"]
[Site "Chess.com"]
[Date "2020.05.16"]
[Round "?"]
[White "sankalpm"]
[Black "wirynewpool"]
[Result "1/2-1/2"]
[WhiteElo "964"]
[BlackElo "847"]
[PlyCount "63"]
[EventDate "2020.??.??"]

1. e4 e6 2. d4 d5 3. exd5 exd5 4. Nf3 c5 5. dxc5 Bxc5 6. Nc3 Qf6 7. Bb5+ Bd7 8.
Bxd7+ Nxd7 9. Bg5 Qf5 10. Qe2+ Ne7 11. Na4 b6 12. Nxc5 O-O 13. Nxd7 Qxd7 14.
Qxe7 Qxe7+ 15. Bxe7 Rfe8 16. O-O Rxe7 17. h3 Rd8 18. Rfe1 Rxe1+ 19. Rxe1 h6 20.
Kh2 f5 21. Kg3 g5 22. Kh2 h5 23. Kg1 g4 24. hxg4 fxg4 25. Nh2 Rf8 26. Kf1 g3
27. Ke2 gxh2 28. Kd3 Rxf2 29. Rh1 Rxg2 30. Re1 Rg1 31. Re8+ Kf7 32. Re2 1/2-1/2

[Event "NW Regional Scholastic Championships"]
[Site "Chess.com"]
[Date "2020.05.16"]
[Round "?"]
[White "Ariish"]
[Black "PoliticalPodcaster"]
[Result "0-1"]
[WhiteElo "1000"]
[BlackElo "628"]
[PlyCount "134"]
[EventDate "2020.??.??"]

1. e4 e5 2. f4 exf4 3. d4 Bb4+ 4. c3 Ba5 5. h4 Nf6 6. g4 O-O 7. Bc4 b6 8. h5
Ba6 9. Qf3 h6 10. Bxa6 Nxa6 11. d5 Re8 12. g5 Nh7 13. gxh6 gxh6 14. Qxf4 Rb8
15. Qxh6 Rxe4+ 16. Kd2 Qe8 17. Rh3 Re2+ 18. Nxe2 Qd8 19. Nf4 Qf6 20. Nd3 Qxh6+
21. Nf4 Qxf4+ 22. Kd3 Re8 23. Rh4 Qxh4 24. Kd2 Qh3 25. Na3 Qh2+ 26. Kd3 Qg3+
27. Kc4 Re4+ 28. Kb3 Nc5+ 29. Kc2 Qg2+ 30. Kd1 Rf4 31. Bxf4 Qg1+ 32. Kd2 Ne4+
33. Ke2 Qxa1 34. Ke3 Qb1 35. Kd4 b5 36. Nxb1 b4 37. Bxc7 Bxc7 38. Kxe4 bxc3 39.
b3 c2 40. Nd2 c1=Q 41. Nc4 Qxc4+ 42. Kf3 Qd4 43. d6 Bxd6 44. h6 Qd5+ 45. Ke3
Qf5 46. b4 Bb8 47. b5 Qg4 48. b6 Qf5 49. bxa7 Bxa7+ 50. Kd2 Qf3 51. Kc2 d5 52.
Kb2 d4 53. a3 d3 54. a4 d2 55. Ka2 d1=R 56. Kb2 Rd2+ 57. Kb1 Rd1+ 58. Kc2 Rf1
59. a5 Qe2+ 60. Kb3 Rf3+ 61. Kb4 Qe4+ 62. Kb5 Rf5+ 63. Ka6 Rf6+ 64. Kxa7 Qe7+
65. Ka8 Ra6+ 66. Kb8 Rd6 67. a6 Rd8# 0-1

[Event "NW Regional Scholastic Championships"]
[Site "Chess.com"]
[Date "2020.05.16"]
[Round "?"]
[White "PoliticalPodcaster"]
[Black "WilliamVH5"]
[Result "0-1"]
[WhiteElo "628"]
[BlackElo "1200"]
[PlyCount "148"]
[EventDate "2020.??.??"]

1. e4 e6 2. d4 d5 3. exd5 exd5 4. Nf3 c5 5. Nc3 Nc6 6. dxc5 Bxc5 7. Bb5 Nf6 8.
O-O O-O 9. Bg5 h6 10. Bxf6 Qxf6 11. h3 d4 12. Ne2 Rd8 13. a3 a6 14. Ba4 b6 15.
b4 b5 16. Bb3 Be7 17. a4 bxa4 18. Bxa4 Bf5 19. Bxc6 Qxc6 20. Nfxd4 Qb7 21. f3
Qxb4 22. c3 Qc4 23. Ra4 Qc5 24. h4 Rdb8 25. Rb4 Rxb4 26. cxb4 Qd5 27. g4 Bd7
28. Nc3 Qc4 29. Nce2 Qxb4 30. Qc1 Bb5 31. g5 Bxe2 32. Nxe2 Qxh4 33. Qe1 Qh3 34.
Nf4 Qf5 35. Nd3 Bd6 36. Ne5 Bxe5 37. Qe2 Qxg5+ 38. Kf2 Bd4+ 39. Ke1 Qc1+ 40.
Qd1 Bc3+ 41. Kf2 Qb2+ 42. Kg1 Bd4+ 43. Kh1 Be5 44. f4 Qb7+ 45. Kh2 Bf6 46. Qb1
Qc6 47. Rc1 Qd6 48. Rd1 Qxf4+ 49. Kh3 Re8 50. Re1 Rd8 51. Rd1 Rc8 52. Rc1 Qh4+
53. Kg2 Rxc1 54. Qxc1 Kh7 55. Qb1+ Kg8 56. Qb8+ Bd8 57. Kf3 Kf8 58. Ke3 Ke7 59.
Qb7+ Ke6 60. Qxa6+ Kf5 61. Qd6 Qe4+ 62. Kd2 Bg5+ 63. Kc3 Bf6+ 64. Kb3 g5 65.
Qg3 g4 66. Qf2+ Kg5 67. Ka2 Qd3 68. Qc5+ Kh4 69. Qf2+ g3 70. Qxf6+ Kh3 71. Kb2
g2 72. Kc1 g1=Q+ 73. Kb2 Qg2+ 74. Ka1 Qd1# 0-1

[Event "NW Regional Scholastic Championships"]
[Site "Chess.com"]
[Date "2020.05.16"]
[Round "?"]
[White "kyrenM"]
[Black "PoliticalPodcaster"]
[Result "1-0"]
[WhiteElo "1012"]
[BlackElo "628"]
[PlyCount "37"]
[EventDate "2020.??.??"]

1. e4 e5 2. Nf3 Nf6 3. Nc3 Nc6 4. Bc4 Bb4 5. Ng5 O-O 6. Nxf7 Qe8 7. Nd6+ Kh8 8.
Nxe8 Rxe8 9. Bf7 Rd8 10. d3 g6 11. a3 Bxc3+ 12. bxc3 d6 13. Bh6 Bg4 14. f3 Bd7
15. Qd2 Re8 16. Qg5 Re6 17. Bxe6 Bxe6 18. Qxf6+ Kg8 19. Qg7# 1-0